[Event "Quebec op U1600"]
[Site "Montreal"]
[Date "1988.07.25"]
[Round "2"]
[White "Charest, Johanne"]
[Black "Marcil, Serge"]
[Result "0-1"]
[WhiteElo "1388"]
[BlackElo "1479"]
[PlyCount "108"]
[EventDate "1988.07.24"]
[EventType "swiss"]
[EventRounds "8"]
[EventCountry "CAN"]
[SourceTitle "EXT 2022"]
[Source "ChessBase"]
[SourceDate "2021.10.06"]
[SourceVersion "1"]
[SourceVersionDate "2021.10.06"]
[SourceQuality "1"]

1. e4 b6 2. d4 Bb7 3. Nc3 e6 4. a3 d5 5. Bb5+ c6 6. Bd3 Bd6 7. Nf3 Ne7 8. Bg5 f6 9. Bh4 g5 10. Bg3 Bxg3 11. hxg3 Ng6 12. e5 f5 13. g4 Nf4 14. gxf5 Nxg2+ 15. Kf1 Nf4 16. f6 Nxd3 17. Qxd3 Ba6 18. Qxa6 Nxa6 19. Nxg5 h6 20. Nxe6 Qd7 21. Ng7+ Kd8 22. e6 Qd6 23. Re1 Qf4 24. f7 Nc7 25. Rg1 Ke7 26. Ne2 Qe4 27. Ng3 Qxe1+ 28. Kxe1 Nxe6 29. N7f5+ Kxf7 30. Nd6+ Ke7 31. Ngf5+ Kd7 32. Rg6 Raf8 33. b4 h5 34. Kf1 h4 35. Kg2 Rfg8 36. Rxg8 Rxg8+ 37. Kh3 Nxd4 38. Nxd4 Kxd6 39. Kxh4 a6 40. f4 c5 41. bxc5+ bxc5 42. Nf5+ Ke6 43. Ng3 Rxg3 44. Kxg3 d4 45. Kf3 Kf5 46. Ke2 Kxf4 47. Kd3 Ke5 48. Kc4 Kd6 49. a4 Kc6 50. c3 dxc3 51. Kxc3 Kd5 52. a5 c4 53. Kc2 Kc5 54. Kc3 Kb5 0-1